| 000 | 01095cam a2200289 4500 | ||
|---|---|---|---|
| 001 | 3125633 | ||
| 005 | 20080429182152.0 | ||
| 008 | 690611r1969 nyu b 001 0 eng | ||
| 010 | _a 69016446 | ||
| 040 |
_aDLC _cDLC _dDLC |
||
| 050 | 0 | 0 |
_aHX518.S8 _bH67 |
| 082 | 0 | 0 |
_a327.1 _222 _bHOR |
| 100 | 1 |
_aHorowitz, David, _d1939- _99392 |
|
| 245 | 1 | 0 |
_aEmpire and Revolution: _bA Radical Interpretation of Contemporary History/ _cDavid Horowitz |
| 260 |
_aNew York, _bRandom House, _c1969 |
||
| 300 |
_a274 p. _c23 cm. |
||
| 350 | _a5.95 | ||
| 500 | _aDonated by: Alaa Abdel Ghany | ||
| 504 | _aBibliography: p. [259]-261. | ||
| 650 | 0 |
_aCommunist strategy. _99393 |
|
| 650 | 0 |
_aWorld politics _y1945-1989. _99394 |
|
| 650 | 0 |
_aRevolutions. _99395 |
|
| 651 | 0 |
_aSoviet Union _xHistory. _99396 |
|
| 651 | 0 |
_aUnited States _xRelations _zForeign countries. _99397 |
|
| 942 |
_2ddc _cBB |
||
| 999 |
_c12923 _d12923 |
||